00977nam a22002297a 4500008004100000020001500041020001800056040001800074041000800092245007700100260006100177300003900238504005300277650001500330650005800345650006200403700002100465700002100486856007900507856008100586856008000667130821s2007 enka gr eng  a0521855918 a9780521855914 aCo-BoUCMbspa00aeng00aInternet and digital economicsceditores Eric Brousseau y Nicolas Curien aCambridge (Inglaterra)bCambridge University Pressc2007 axxvi, 796 páginasbilustraciones aIncluye referencias bibliográficas e índice.04aEconomía04aInternet (Red de computadores)xAspectos económicos04aTecnología de la informaciónxAspectos tecnológicos1 aBrousseau, Eric.1 aCurien, Nicolas.413Contenidouhttp://www.loc.gov/catdir/enhancements/fy0642/2006010015-t.html423Biografíauhttp://www.loc.gov/catdir/enhancements/fy0803/2006010015-b.html423Publicadoruhttp://www.loc.gov/catdir/enhancements/fy0642/2006010015-d.html